00705nam a2200181 a 450000100100000000500170001000800410002702000150006804000250008310000290010824500800013726000530021730000210027050400730029170000360036495201060040099900170050600004282820201002040428.0140210s1986 mx 000 0 spa d a9684070020 aDO-SdBNPbspacBNPHU1 aVidali, Victtorio97019410aComandante Carlos /cVicttorio Vidali ; traducción de Cristina Cámpora. aMéxico :bEdiciones de Cultura Popular,c1986. a135 p. ;c21 cm. aIncluye referencias bibliográficas y notas al pie de las páginas1 aCámpora, Cristinaetr.970195 0010507-18MOaGRbGRcOId2014-02-10iLF1l0o p42828-10r2020-06-25w2020-06-25y1ZNo se presta c42317d42317